Peter Kalmus: Nežná revolúcia? Ani v najkrajšom sne významný protagonista spomína na hektické dni

Bibliographic Details
Main Author: Ogurčáková, Jana (Author)
Format: Article
Language:Slovak
PhysicalDescription:Fotogr.
ISSN:1335-4566
Subjects:

MARC

LEADER 00000nab a2200000 a 4500
001 vtls010029072
003 SK-MaSNL
005 20260303045719.0
008 091207c20091118xo drz 0 0slo
038 |a KEVKJB 
040 |a KEVKJB  |b slo  |c KEVKJB  |e AACR2 
041 0 |a slo 
044 |a xo  |c SK 
080 |a 94(437)"1989"  |2 2001 
100 1 |a Ogurčáková, Jana  |4 aut  |9 835010 
245 1 0 |a Peter Kalmus: Nežná revolúcia? Ani v najkrajšom sne  |b významný protagonista spomína na hektické dni  |c Jana Ogurčáková 
300 |b Fotogr. 
600 1 7 |a Kalmus, Peter,  |d 1953-  |2 kevkjb  |9 198930 
650 0 7 |a Nežná revolúcia (1989 : Československo)  |2 SNKPH  |9 176560 
651 7 |a Košice (Slovensko)  |2 kevkjb  |9 18694 
773 0 |t Košický Korzár  |g Roč. XII, č. 266 (18.11.2009)  |x 1335-4566 
773 0 8 |i Príl.:  |t 20 rokov slobody II.  |g S. 5 
852 |a KEVKJB  |b KIS3GCP 
999 |c 1704760  |d 1706690